Trayectorias en la construcción del conocimiento referente a las infancias y a la educación infantil /

Bibliographic Details
Main Author: Restrepo Restrepo, Nataly (Author)
Format: Electronic eBook
Language:Spanish
Published: Medellín, Colombia : Sello Editorial T Tecnológico de Antioquia, [2020]
Edition:Primera edición.
Subjects:
Online Access:Digitalia Hispánica

MARC

LEADER 00000nam a2200000 i 4500
001 DIGTECANT0033
003 NyNyDIG
007 cr |||||||||||
008 250508s2020 ck a ob 000 0 spa d
006 m o d
035 |a (OCoLC)1519505281 
040 |a DGITA  |b eng  |e rda  |e pn  |c DGITA 
020 |a 9789588628585  |q digital 
020 |z 9789588628578  |q impreso 
050 1 4 |a LB1555 ebook 
100 1 |a Restrepo Restrepo, Nataly,  |e author. 
245 1 0 |a Trayectorias en la construcción del conocimiento referente a las infancias y a la educación infantil /  |c autores, Nataly Restrepo Restrepo [and 3 others]. 
250 |a Primera edición. 
264 1 |a Medellín, Colombia :  |b Sello Editorial T Tecnológico de Antioquia,  |c [2020] 
300 |a 1 online resource :  |b illustrations. 
336 |a text  |b txt  |2 rdacontent 
337 |a computer  |b c  |2 rdamedia 
338 |a online resource  |b cr  |2 rdacarrier 
347 |a text file  |2 rdaft 
347 |b PDF 
500 |a "Línea Infancias- Grupo de Investigación SENDEROS". 
504 |a Includes bibliographical references. 
588 0 |a Online resource; title from PDF title page (Digitalia, viewed May 8, 2025) 
650 0 |a Education, Elementary  |x Research. 
791 2 |a Digitalia (Firm),  |e distributor. 
793 0 |g Digitalia eBook Collection:  |a Tecnológico de Antioquia 
776 0 8 |i Print version:  |a Restrepo Restrepo, Nataly.  |t Trayectorias en la construcción del conocimiento referente a las infancias y a la educación infantil.  |b Primera edición.  |d Medellín, Colombia : Sello Editorial T Tecnológico de Antioquia, [2020]  |z 9789588628578 
856 4 0 |3 Digitalia Hispánica  |u https://www.digitaliapublishing.com/a/170579/ 
910 |a Premium collection: 2025